000 00468nam a2200181Ia 4500
001 10408
005 20260306161830.0
008 260306t1953||||xx |||||||||||||| ||spa||
041 _aESP
082 _a923.273
_bI424
100 _aIckes, Harold L.
_eAUT
245 4 _aThe secret diary of Harold L. Ickes:
_bthe first thousand days 1933-1936
260 _c1953
300 _a738 páginas :
_c22 cm.
650 _aGEN
654 _aCHU
942 _cLIB
_dJUS
_fJUS
_2ddc
_n
999 _c10408
_d10408